მექანიზმებისა და მანქანების თეორია (ბიბ.ჩანაწერი № 37421)
[ მარტივი ფორმატი ]
| 000 -LEADER | |
|---|---|
| fixed length control field | 00724nam a2200217Ia 4500 |
| 001 - CONTROL NUMBER | |
| control field | 3380 |
| 003 - CONTROL NUMBER IDENTIFIER | |
| control field | GE_BSU |
| 008 - FIXED-LENGTH DATA ELEMENTS--GENERAL INFORMATION | |
| fixed length control field | 181216s||||||||xx |||||||||||||| ||und|| |
| 040 ## - CATALOGING SOURCE | |
| Transcribing agency | GE_BSU |
| 080 ## - UNIVERSAL DECIMAL CLASSIFICATION NUMBER | |
| Universal Decimal Classification number | 621.01(075.8) |
| 100 ## - MAIN ENTRY--PERSONAL NAME | |
| Personal name | ჯაბუა, გ. |
| 245 ## - TITLE STATEMENT | |
| Title | მექანიზმებისა და მანქანების თეორია |
| 245 ## - TITLE STATEMENT | |
| Remainder of title | სახელმძღ. |
| 245 ## - TITLE STATEMENT | |
| Statement of responsibility, etc. | რედ. ლ. მაღულარია |
| 260 ## - PUBLICATION, DISTRIBUTION, ETC. | |
| Place of publication, distribution, etc. | თბილისი |
| 260 ## - PUBLICATION, DISTRIBUTION, ETC. | |
| Name of publisher, distributor, etc. | განათლება |
| 260 ## - PUBLICATION, DISTRIBUTION, ETC. | |
| Date of publication, distribution, etc. | 1990 |
| 300 ## - PHYSICAL DESCRIPTION | |
| Extent | 427 გვ. 20 სმ. |
| 653 ## - INDEX TERM--UNCONTROLLED | |
| Uncontrolled term | მექანიზმებისა და მანქანების თეორია |
| 942 ## - ADDED ENTRY ELEMENTS (KOHA) | |
| Koha item type | წიგნი |
არაა ხელმისაწვდომი ეგზემპლარები.
